Volby pod drobnohledem Najde Makedonie cestu ze slepé uličky?

Parlamenté voľby v Macedónsku, ktoré sa konali 5. júna v tomto roku. Novinka vo voľbách - priznanie volebného práva mecedónskej diaspóre v zahraničí. Zákony, ktoré upravujú financovanie volieb. Volebná kampaň za protislužbu. Celkové zvládnutie parlamentných volieb a ďalší krok v približovaní sa k Eu...

Full description

Saved in:
Bibliographic Details
Main Author: Gazda, Adam
Format: Book Chapter
Language:Czech
Subjects:
Tags: Add Tag
No Tags, Be the first to tag this record!

MARC

LEADER 00000naa a2200000 4500
001 0136077
005 20231016094512.8
041 0 |a cze 
044 |a CZ 
245 1 0 |a Volby pod drobnohledem  |b Najde Makedonie cestu ze slepé uličky?  |c Adam Gazda 
520 |a Parlamenté voľby v Macedónsku, ktoré sa konali 5. júna v tomto roku. Novinka vo voľbách - priznanie volebného práva mecedónskej diaspóre v zahraničí. Zákony, ktoré upravujú financovanie volieb. Volebná kampaň za protislužbu. Celkové zvládnutie parlamentných volieb a ďalší krok v približovaní sa k Európskej únii a NATO. Hlavné politické strany. Riešenie etnických problémov medzi Macedónčanmi a Albáncami. Pozícia malých politických strán. 
610 2 0 |a voľby 
610 2 0 |a kampane volebné 
610 2 0 |a výsledky volebné 
610 2 0 |a strany politické 
610 2 0 |a parlamenty 
610 2 0 |a národ 
610 2 0 |a Macedónsko 
100 1 |a Gazda, Adam